000 00648nam a2200229Ii 4500
003 JO-AjNU
008 230605s9999||||xx |||||||||||||| ||und||
017 _a1993/1/34
020 _a977-5769-50-7
040 _aJO-AjNU
_bara
_erda
_cJO-AjNU
041 _aara
050 1 4 _aJC421.A2892.1992
100 3 _aأبو نوار ، معن,
_eauthor
_941203
245 0 0 _aفي الديمقراطية الحديثة
250 _a(د،ط)
264 3 1 _aعمان ،1993
300 _a181ص
336 _atext
_btxt
_2rdacontent
337 _aunmediated
_bn
_2rdamedia
338 _avolume
_bnc
_2rdacarrier
650 4 _aالديمقراطية
_941204
999 _aA17548
_c21116
_d21116